00688cam a22001691 450008200320000010000310003224501070006326000320017030000330020250000840023552600370031965000170035665000130037394200120038699900190039895201010041700a510.246213 bGUIcL-9, P-231 aGuillemin, Ernst A.93903214aThe mathematics of circuit analysis;bextensions to the mathematical training of electrical engineers. aNew York,bJ. Wileyc[1949] axiv, 590 p.bdiagrs.c24 cm. a"A publication of the Technology Press, Massachusetts Institute of Technology." a0b0c0d510_246213000000000_GUI 0aMathematics. 0aMCE9379 2ddccBK c543610d543610 00102ddc4070aMCEbMCEd2014-03-27l0o510.246213 GUIpMCE-30012r2014-03-27w2014-03-27yBK